000 00654nam a2200193Ia 4500
005 20260429112320.0
008 260429s9999||||xx |||||||||||||| ||und||
020 _a9788119497225
041 _aHindi
082 _a181.4
_bSIN
100 _aसिंह, सुमेर
245 0 _aभारतीय ज्ञान प्रणाली :
_bकल आज या कल /
_cसुमेर सिंह
250 _a1st ed.
260 _aजयपुर :
_bपैराडाइज़ पब्लिशर्स,
_c2026.
300 _a260 p.; Hb
440 _vभाग-3
650 _aभक्ति साहित्य
942 _cTB
999 _c53452
_d53452